000 00751nam a22002177a 4500
005 20250324114706.0
010 _aENG-1442732
020 _a9788178063096
035 _aEN-127764
037 _bDBAD
082 _a606.74
_21
100 _aMehra, navneet
_979842
245 _aWebsite development using html and css;
_cA practical step-by-step guide to develop e-commererce store/
_bNaveent mehra [And] Bunny mehra
250 _a1
260 _aNew delhi
_c2012
_bUnicorn books
270 _aF2/16, ansari road, daryaganj
_bNew delhi
_e110002
_minfo@unicornbooks.in
_k011-23275434
_k23262683
_k23250704
_l011-23257790
300 _a172p
_c24(pb)
700 _aBunny mehra
_979843
760 _b1
942 _2ddc
_cEN
_h606.74
_mMEH
_e1
999 _c210443
_d210443